MARC

LEADER 00000nam0a2200000 4500
001 186886
005 20231031173823.0
035 |a (RuTPU)RU\TPU\book\202766 
090 |a 186886 
100 |a 20101103d1974 km y0rusy50 ca 
101 0 |a rus 
102 |a RU 
105 |a a z 001zy 
200 1 |a Вероятностная модель языка  |a О соотношении естественных и искусственных языков  |f В. В. Налимов 
210 |a Москва  |c Наука  |d 1974 
215 |a 272 с.  |c ил. 
320 |a Литература: с. 235-241. 
320 |a Предметный указатель: с. 265-266. 
320 |a Авторский указатель: с. 267-270. 
610 1 |a язык 
610 1 |a естественные языки 
610 1 |a искусственные языки 
610 1 |a кибернетика 
610 1 |a языкознание 
610 1 |a семиотика 
610 1 |a лингвистика 
610 1 |a философия 
610 1 |a науковедение 
610 1 |a знаковые системы 
675 |a 4  |v 3 
675 |a 4:51  |v 3 
700 1 |a Налимов  |b В. В.  |g Василий Васильевич 
801 1 |a RU  |b 63413507  |c 20101103 
801 2 |a RU  |b 63413507  |c 20110126  |g RCR 
942 |c BK